Aktuálne pohľady na duševné vlastníctvo v podnikovej sfére
Gespeichert in:
| 1. Verfasser: | |
|---|---|
| Körperschaft: | |
| Weitere Verfasser: | , |
| Format: | Buch |
| Sprache: | Slowakisch |
| Veröffentlicht: |
Bratislava
Vydavateľstvo EKONÓM
2011
|
| Ausgabe: | 1. vyd. |
| Schlagworte: | |
| Tags: |
Keine Tags, Fügen Sie das erste Tag hinzu!
|
MARC
| LEADER | 00000nam a2200000 4500 | ||
|---|---|---|---|
| 001 | 0160884 | ||
| 005 | 20240502072807.4 | ||
| 020 | |a 978-80-225-3380-5 | ||
| 041 | 0 | |a slo | |
| 044 | |a SK | ||
| 245 | 1 | 0 | |a Aktuálne pohľady na duševné vlastníctvo v podnikovej sfére |c Martin Matušovič ; recenzenti: Milan Rajňák, Štefan Majtán |
| 250 | |a 1. vyd. | ||
| 264 | 1 | |a Bratislava |b Vydavateľstvo EKONÓM |c 2011 | |
| 300 | |a 88 s. [6,323 AH] | ||
| 610 | 2 | 0 | |a vlastníctvo duševné |
| 610 | 2 | 0 | |a know-how |
| 610 | 2 | 0 | |a oceňovanie |
| 100 | 1 | |a Matušovič, Martin | |
| 700 | 1 | |a Rajňák, Milan | |
| 700 | 1 | |a Majtán, Štefan | |
| 710 | 2 | |a Ekonomická univerzita v Bratislave. Fakulta podnikového manažmentu | |